000 00698nam a2200205Ii 4500
003 JO-AjNU
008 230605s9999||||xx |||||||||||||| ||und||
040 _aJO-AjNU
_bara
_erda
_cJO-AjNU
041 _aara
050 1 4 _aLC238.4 1998
100 3 _aالجامعة الاردنية ,
_eauthor
_957729
245 0 0 _aمركز الاستشارات والخدمات الفنية والدراسات
250 _aط1
264 3 1 _aعمان: الجامعة الاردنيه،1998
300 _a232ص
336 _atext
_btxt
_2rdacontent
337 _aunmediated
_bn
_2rdamedia
338 _avolume
_bnc
_2rdacarrier
650 4 _aمركز الاستشارات-الجامعة الاردنية
_957730
999 _aA25887
_c29455
_d29455